The tombs of Menkheperrasonb, Amenmosé, and another (Nos. 86, 112, 42, 226)

محفوظ في:

المؤلف الرئيسي: Norman de Garis Davies

مؤلفون آخرون: Nina M. Cummings Davies

التنسيق: كتاب

اللغة: Undetermined

منشور في: London Egypt Exploration Society 1933

سلاسل: Theban tombs series, 5. memoir.

الوسوم: إضافة وسم

لا توجد وسوم, كن أول من يضع وسما على هذه التسجيلة!

رقم الطلب: (F) DT73 .T3 T5 v.5

LEADER 00785nam a2200169Ia 4500
008 220904s9999||||xx |||||||||||||| ||und||
050 |a (F) DT73 .T3 T5 v.5 
100 1 |a  Norman de Garis Davies 
245 1 4 |a The tombs of Menkheperrasonb, Amenmosé, and another (Nos. 86, 112, 42, 226)   |c Norman de Garis Davies, Nina M. Cummings Davies 
264 1 |a London  |b Egypt Exploration Society  |c 1933 
300 |a v, 48.p , 46(i.e69) leaves of plates  |b ill (some co.), plans ,  |c 32cm 
490 0 |a  Theban tombs series, 5. memoir. 
504 |a Includes bibliographical referencesn and indexes  
700 1 |a Nina M. Cummings Davies 
942 |2 lcc  |c BK 
952 |0 0  |1 0  |2 lcc  |3 V.5  |4 0  |7 1  |9 42719  |a ARCE  |b ARCE  |d 2022-09-04  |l 0  |o (F) DT73 .T3 T5 v.5  |p 1031790  |r 2022-09-04 00:00:00  |w 2022-09-04  |y BK 
999 |c 49392  |d 49392